000 00886nam a2200253 4500
001 144976
003 ES-MaACL
005 20250829131211.0
007 t|
008 070214s1968 sp r ||||1| spa d
080 _a340.13
080 _a241.183
100 1 _aSimon, Yves René Marie,
_d1903-1961
_9106539
245 1 3 _aLa tradición de la ley natural :
_breflexiones de un filósofo /
_cYves R. Simon ; edición preparada por Vukan Kuic ; traducción de Ignacio de Despujol.
260 _aMadrid :
_bRazón y Fe,
_c1968.
300 _a210 p. ;
_c20 cm.
490 1 _aBiblioteca de filosofía y pedagogía
650 7 _aDerecho natural
_2embne
_911744
700 1 _aKuic, Vukan.
_968999
700 1 _aDespujol, Ignacio de.
_943928
830 1 0 _aBiblioteca de filosofía y pedagogía (Razón y Fe)
_9181685
852 4 _aES-MaACL
_jG-3923
999 _c144976
_d144976